|
|
|
|
| LEADER |
00000cam a2200000 7i4500 |
| 001 |
0000004638 |
| 002 |
000005001 |
| 005 |
20000330.0 |
| 020 |
|
|
|a 9679911284
|
| 090 |
0 |
0 |
|a 720.1
|b ZUL
|
| 100 |
0 |
|
|a Zulkifli Hanafi
|
| 245 |
1 |
0 |
|a Prinsip-prinsip rekaan senibina
|c Zulkifli Hanafi
|
| 260 |
|
|
|a Pulau Pinang :
|b Penerbit USM ,
|c 1986
|
| 300 |
|
|
|a 178p. ;
|c 22cm.
|
| 490 |
0 |
|
|a Edisi Awal
|
| 650 |
0 |
0 |
|a Architectural design
|
| 650 |
0 |
0 |
|a Architecture
|x Details
|
| 999 |
|
|
|a 034754
|b BUKU
|c PINJAMAN
|e PERPUSTAKAAN KOMUNITI PETALING JAYA
|
| 999 |
|
|
|a 034755
|b BUKU
|c PINJAMAN
|e PERPUSTAKAAN KOMUNITI PETALING JAYA
|